000 00470nam a2200145 4500
999 _c10122
_d10122
008 180801b ||||| |||| 00| 0 eng d
022 _a2094-8042
082 _aDPer 370.105 M72 Jan-Dec 2011 v59-60
100 _929907
_aDanipog, Feliciano S.
245 _aAng iibigin ko sa bawat puso/
_cFeliciano S. Danipog.
260 _aPhilippines;
_bIn The Grade School, Inc.,
_cc2011.
300 _av59 n9, page 395;
_c27cm.
650 0 _929908
_aLove
_xPoetry.
942 _2ddc
_cPER